Äbte der Reichsabtei Werden - Statistiken

Allgemein
  • Dieses Quiz wurde 5 mal gespielt
  • Das Durchschnittsergebnis liegt bei 19 aus 75
Antwortstatistiken
# Amtszeit Anmerkung Name % Korrekt
68 1706-1718 1714-1718 Präsident der Bursfelder Kongregation Coelestin von Geismar
100%
1 ca. 800-809 friesischer Missionar und Gründer der Klöster Werden und Helmstädt Heiliger Liudger
100%
48 1310-1330 Wilhelm II von Hardenberg
80%
38 1151-1160 Wilhelm I von Moers
80%
30 1104-1105 Adolf von der Mark
60%
71 1727-1757 Neffe Coelestins von Geismar Benedikt von Geismar
60%
73 1774-1780 Johannes Hellersberg
60%
60 1517-1540 Johannes von Groningen
60%
52 1382-1387 Johann III von Spiegelberg
60%
50 1343-1360 Johann II von Arscheid
60%
49 1330-1343 Johann I von Hernen
60%
55 1438-1452 Johann IV von Stecke
60%
10 bis 898 Odo
60%
46 1278-1288 Otto II von Warburg
60%
29 1080-1104 Otto I von Sapenheim
60%
66 1667-1670 Adolf Borcken
40%
39 1160-1173 vermutlich aus dem gräflichen Haus Altena Adolf I
40%
54 1398-1438 Adolf III von Spiegelberg
40%
74 1780-1798 Bernhard Bierbaum
40%
34 1125-1140 Bernhard von Wevelinghoven
40%
65 1646-1667 Heinrich Dücker
40%
62 1573-1601 verkaufte den gotischen Codex Argenteus an Kaiser Rudolf II Heinrich Duden
40%
51 1360-1382 Heinrich II von Wildenburg
40%
47 1288-1310 Heinrich I von Wildenburg
40%
61 1540-1572 Hermann von Holten
40%
31 1105-1112 Rudolf von Helpenstein
40%
58 1476-1484 Theodor Hagedorn
40%
13 910-916 Adalbrand
20%
9 892? Adaldag
20%
28 1066-1080 Adalwig
20%
45 1257-1277 Albero von Tecklenburg
20%
44 1251-1257 Albert von Goer
20%
5 840-849 Neffe Liudgers Heiliger Altfried
20%
7 887-ca. 888 Andulph
20%
75 1798-1802 Letzter Abt Beda Savels
20%
53 1387-1398 Bruno von Rennenberg
20%
18 962-971 Engelbert
20%
67 1670-1705 Ferdinand von Erwitte
20%
23 1015-1030 Heithanrich von Altenburg
20%
64 1614-1646 Abt während des Dreißigjährigen Krieges Hugo Preutaeus
20%
63 1601-1614 Konrad Kloedt
20%
56 1452-1474 Konrad von Gleichen
20%
70 1727 Simon von Bischopinck zu Telgte
20%
69 1719-1727 Theodor Thier
20%
4 839-840 Neffe Liudgers Thiatgrim
20%
57 1474-1476 Administrator Adam von Eschweiler
0%
72 1757-1774 Anselm Sonius
0%
59 1484-1517 Antonius Grimholt
0%
24 1030-1031 Erzbischof von Mainz 1031-1051 Bardo
0%
33 1119-1125 Berengoz von Westerburg
0%
19 971-974 Folkmar
0%
3 827-839 Neffe Liudgers Heiliger Gerfried
0%
43 1226-1249 Gerhard von Grafschaft
0%
26 1050-1063 Gero
0%
25 1031-1050 Gerold
0%
27 1063-1066 Gilbert
0%
8 888-891? Hembil
0%
42 1197-1226 Heribert II von Büren
0%
41 1183-1197 Heribert I von Berg
0%
12 902-910 Hildebrand
0%
6 855/64-886 Neffe Liudgers Hildegrim II
0%
2 809-827 Bruder Liudgers Heiliger Hildegrim I von Chalons
0%
11 898-902 Verfasser der "Musica enchiradis" Hoger
0%
37 1145-1151 Lambert von Gennep
0%
32 1112-1119 Liudbert von Isenberg
0%
20 974-983 möglicherweise aus dem Geschlecht der Grafen von Werl Liudolf
0%
22 1001-1015 Ratbald von Volmarstein
0%
17 945-962 Reinher
0%
36 1144-1145 Volmar von Bilstein
0%
21 983-1001 Werinbert I
0%
35 1140-1144 Werinbert II von Schönburg
0%
14 916-930 Wéris
0%
15 930-940 Wigger
0%
16 ca. 940-945 Wigo
0%
40 1173-1183 Wolfram von Kirchburg
0%
Keine übereinstimmenden Quizze gefunden
Verteilung der Resultate
Anzahl Personen mit jedem Resultat
Perzentil nach korrekt beantworteten Fragen
Ihre Resultats-Entwicklung
Sie haben dieses Quiz noch nicht gespielt